Kody IATA polskich lotnisk - Statystyki

Ogólne statystyki
  • Ten quiz został rozwiązany 129 razy
  • Średni wynik to 11 z 15
Statystyki odpowiedzi
lotnisko kod IATA % Poprawnych
Warszawa-Okęcie WAW
100%
Kraków-Balice KRK
96%
Poznań-Ławica POZ
94%
Rzeszów-Jasionka RZE
91%
Wrocław-Strachowice WRO
90%
Gdańsk-Rebięchowo GDN
84%
Katowice-Pyrzowice KTW
84%
Warszawa-Modlin WMI
73%
Szczecin-Goleniów SZZ
70%
Lublin-Świdnik LUZ
61%
Zielona Góra-Babimost IEG
55%
Olsztyn-Szymany SZY
54%
Bydgoszcz-Szwederowo BZG
52%
Warszawa-Radom RDO
49%
Łódź-Lublinek LCJ
46%
Nie znaleziono quizów pasujących do podanych kryteriów
Rozkład punktacji
Procent ludzi z każdym wynikiem
Percentyl według liczby udzielonych odpowiedzi
Twoja historia wyników
Nie rozwiązałeś tego quizu